[Event "Sousse BICA op 1st"]
[Site "Sousse"]
[Date "2021.12.26"]
[Round "4"]
[White "Gator, Mosab"]
[Black "Bashirinia, Omid"]
[Result "1-0"]
[WhiteElo "2131"]
[BlackElo "1933"]
[PlyCount "103"]
[EventDate "2021.12.24"]
[EventType "swiss"]
[EventRounds "9"]
[EventCountry "TUN"]
[SourceTitle "CBM 205 Extra"]
[Source "ChessBase"]
[SourceDate "2022.01.31"]
[SourceVersion "1"]
[SourceVersionDate "2022.01.31"]
[SourceQuality "1"]

1. e4 c6 2. d4 d5 3. e5 Bf5 4. Nf3 e6 5. Be2 Nd7 6. 0-0 Bg6 7. a3 Nh6 8. Nbd2 Nf5 9. Re1 Be7 10. c4 dxc4 11. Nxc4 Nb6 12. g4 Nh6 13. h3 Qd5 14. Ne3 Qd7 15. b4 0-0 16. Nf1 a5 17. Bd2 axb4 18. axb4 Nd5 19. Qb3 Rfd8 20. Ng3 Kh8 21. Rec1 b5 22. Ra3 Qb7 23. Rca1 Rxa3 24. Rxa3 Ra8 25. Ra5 Ng8 26. Qa2 Nb6 27. h4 h6 28. g5 Bd8 29. h5 Bh7 30. g6 fxg6 31. Ne4 Rxa5 32. bxa5 Nd5 33. a6 Qa7 34. Nd6 Bb6 35. Nc8 Qd7 36. a7 Bxa7 37. hxg6 Bxg6 38. Nxa7 Nge7 39. Qa6 Bh5 40. Kf1 Be8 41. Bd3 Bh5 42. Be4 Bg4 43. Ne1 Nc7 44. Qb6 Ncd5 45. Qb8+ Ng8 46. Nc8 Qe8 47. Qb7 Qh5 48. Nd6 Be2+ 49. Kg1 Nde7 50. Qa8 Qg4+ 51. Ng2 Bf3 52. Nf7# 1-0

[Event "St Petersburg Summer op"]
[Site "St Petersburg"]
[Date "2017.08.21"]
[Round "6"]
[White "Paramzina, Anastasya"]
[Black "Bashirinia, Omid"]
[Result "1/2-1/2"]
[WhiteElo "2141"]
[BlackElo "1959"]
[PlyCount "71"]
[EventDate "2017.08.16"]
[EventType "swiss"]
[EventRounds "9"]
[EventCountry "RUS"]
[SourceTitle "CBM 180 Extra"]
[Source "ChessBase"]
[SourceDate "2017.10.06"]
[SourceVersion "1"]
[SourceVersionDate "2017.10.06"]
[SourceQuality "1"]

1. e4 c6 2. d4 d5 3. Nd2 dxe4 4. Nxe4 Bf5 5. Ng3 Bg6 6. Nh3 Nf6 7. Nf4 e5 8. Qe2 Qxd4 9. c3 Qd6 10. Nxg6 hxg6 11. Bd2 Nbd7 12. 0-0-0 Qe6 13. Qc4 Qxc4 14. Bxc4 Bc5 15. f4 0-0 16. b4 Bb6 17. f5 gxf5 18. Nxf5 Ne4 19. Bh6 Rfd8 20. Bxg7 Nf2 21. Rd6 Nxh1 22. Rh6 Be3+ 23. Nxe3 Kxg7 24. Nf5+ Kg8 25. Rg6+ Kf8 26. Rh6 Kg8 27. Rg6+ Kf8 28. Rg7 Nb6 29. Rxf7+ Kg8 30. Ne7+ Kh8 31. Ng6+ Kg8 32. Be6 Rd6 33. Ne7+ Kh8 34. Ng6+ Kg8 35. Ne7+ Kh8 36. Ng6+ 1/2-1/2

[Event "St Petersburg Summer op"]
[Site "St Petersburg"]
[Date "2017.08.18"]
[Round "3"]
[White "Alieva, Alexandra"]
[Black "Bashirinia, Omid"]
[Result "0-1"]
[WhiteElo "2165"]
[BlackElo "1959"]
[PlyCount "44"]
[EventDate "2017.08.16"]
[EventType "swiss"]
[EventRounds "9"]
[EventCountry "RUS"]
[SourceTitle "CBM 180 Extra"]
[Source "ChessBase"]
[SourceDate "2017.10.06"]
[SourceVersion "1"]
[SourceVersionDate "2017.10.06"]
[SourceQuality "1"]

1. e4 c6 2. d4 d5 3. Nc3 dxe4 4. Nxe4 Bf5 5. Ng3 Bg6 6. Bc4 e6 7. N1e2 Nf6 8. h4 h6 9. Nf4 Bh7 10. 0-0 Bd6 11. Re1 0-0 12. c3 Qc7 13. Qf3 Nbd7 14. Rxe6 fxe6 15. Nxe6 Nd5 16. Qd1 Qb6 17. Qg4 Rf7 18. Nxg7 N7f6 19. Qe6 Bxg3 20. Bxh6 Bxf2+ 21. Kh1 Qc7 22. Nf5 Re8 0-1

[Event "Yerevan op 1st"]
[Site "Yerevan"]
[Date "2016.10.08"]
[Round "7"]
[White "Bashirinia, Omid"]
[Black "Molaei, Mohammadamin"]
[Result "0-1"]
[WhiteElo "1975"]
[BlackElo "2245"]
[PlyCount "44"]
[EventDate "2016.10.02"]
[EventType "swiss"]
[EventRounds "9"]
[EventCountry "ARM"]
[SourceTitle "EXT 2017"]
[Source "ChessBase"]
[SourceDate "2016.10.25"]
[SourceVersion "1"]
[SourceVersionDate "2016.10.25"]
[SourceQuality "1"]

1. d4 Nf6 2. Bg5 Ne4 3. Bf4 c5 4. f3 Qa5+ 5. c3 Nf6 6. Nd2 cxd4 7. Nb3 Qd8 8. cxd4 d5 9. e3 Nc6 10. Rc1 e6 11. Bd3 Bb4+ 12. Kf2 Nh5 13. Bg3 0-0 14. Ne2 f5 15. Nc5 g5 16. Bb1 Bxc5 17. Rxc5 f4 18. Qd3 Qe7 19. Rcc1 fxg3+ 20. hxg3 Nf6 21. g4 e5 22. Rxc6 e4 0-1

[Event "Arak op 15th"]
[Site "Arak"]
[Date "2016.08.13"]
[Round "4"]
[White "Bashirinia, Omid"]
[Black "Akbari Gelvardi, Mohammad"]
[Result "1/2-1/2"]
[WhiteElo "1955"]
[BlackElo "2204"]
[PlyCount "91"]
[EventDate "2016.08.11"]
[EventType "swiss"]
[EventRounds "11"]
[EventCountry "IRI"]
[SourceTitle "CBM 173 Extra"]
[Source "ChessBase"]
[SourceDate "2016.08.29"]
[SourceVersion "1"]
[SourceVersionDate "2016.08.29"]
[SourceQuality "1"]

1. d4 Nf6 2. Bg5 d5 3. Bxf6 exf6 4. e3 Be6 5. Nd2 a6 6. g3 Bd6 7. Bg2 c6 8. Ne2 0-0 9. 0-0 f5 10. Rc1 Nd7 11. c4 Nf6 12. cxd5 Bxd5 13. Bxd5 Nxd5 14. Nc3 Nxc3 15. bxc3 Be7 16. Qb3 Rb8 17. Rfd1 h5 18. c4 Qd6 19. Qd3 g6 20. c5 Qe6 21. Qc4 Qf6 22. h4 Rfd8 23. Nf3 Rd5 24. Rb1 Qe6 25. Rdc1 Bf6 26. Rb3 Qe4 27. Nd2 Qg4 28. Nf1 f4 29. Nh2 Qe6 30. gxf4 Bxh4 31. Qf1 Kh7 32. Nf3 Bf6 33. Ne5 Bxe5 34. fxe5 f6 35. f4 fxe5 36. fxe5 Rd7 37. Rc2 Rf7 38. Rf2 Rbf8 39. Rxb7 Qg4+ 40. Qg2 Rxb7 41. Rxf8 Qd1+ 42. Rf1 Qd3 43. Qf2 Qc4 44. Qf6 Qe2 45. Qf2 Qc4 46. Qf6 1/2-1/2

[Event "Albena op-B"]
[Site "Albena"]
[Date "2016.06.25"]
[Round "7"]
[White "Bashirinia, Omid"]
[Black "Tashkov, Rumen"]
[Result "0-1"]
[WhiteElo "1986"]
[BlackElo "2198"]
[PlyCount "94"]
[EventDate "2016.06.19"]
[EventType "swiss"]
[EventRounds "7"]
[EventCountry "BUL"]
[SourceTitle "EXT 2017"]
[Source "ChessBase"]
[SourceDate "2016.10.25"]
[SourceVersion "1"]
[SourceVersionDate "2016.10.25"]
[SourceQuality "1"]

1. d4 d6 2. c4 e5 3. Nf3 e4 4. Nfd2 f5 5. Nc3 Nf6 6. e3 g6 7. b4 Bg7 8. a4 0-0 9. Qb3 Be6 10. d5 Bf7 11. Bb2 Nbd7 12. Nb5 a5 13. Nd4 axb4 14. Be2 Ne5 15. 0-0 c5 16. Nb5 Qe7 17. a5 g5 18. Ra4 Ne8 19. Rfa1 Ra6 20. Re1 Bg6 21. f4 exf3 22. Nxf3 h6 23. Nfd4 cxd4 24. exd4 Ng4 25. c5 Kh7 26. h3 Ngf6 27. c6 bxc6 28. dxc6 Rxc6 29. Raa1 Bf7 30. Qxb4 Qe3+ 31. Kh1 Ne4 32. Ra3 Qd2 33. Qxd2 Nxd2 34. Bd3 Bc4 35. a6 Bxd3 36. a7 Nf6 37. Rxd3 Nde4 38. Ra3 Ra8 39. Rc1 Rxc1+ 40. Bxc1 Nd5 41. Bb2 Bf6 42. Ra6 Bd8 43. Ba3 Bb6 44. Bxd6 Nxd6 45. Nxd6 Rxa7 46. Rxa7+ Bxa7 47. Nxf5 h5 0-1

[Event "Albena op-A"]
[Site "Albena"]
[Date "2016.06.23"]
[Round "6"]
[White "Tsaruk, Maksim"]
[Black "Bashirinia, Omid"]
[Result "1-0"]
[WhiteElo "2045"]
[BlackElo "1986"]
[PlyCount "73"]
[EventDate "2016.06.18"]
[EventType "swiss"]
[EventRounds "9"]
[EventCountry "BUL"]
[SourceTitle "CBM 173 Extra"]
[Source "ChessBase"]
[SourceDate "2016.08.29"]
[SourceVersion "1"]
[SourceVersionDate "2016.08.29"]
[SourceQuality "1"]

1. e4 c6 2. d4 d5 3. Nc3 dxe4 4. Nxe4 Bf5 5. Ng3 Bg6 6. h4 h6 7. Nf3 Nd7 8. h5 Bh7 9. Bd3 Bxd3 10. Qxd3 Ngf6 11. Bd2 e6 12. 0-0-0 Be7 13. Ne4 Nxe4 14. Qxe4 Nf6 15. Qe2 Qd5 16. c4 Qe4 17. Rde1 Qxe2 18. Rxe2 b5 19. c5 0-0 20. Ne5 Rfc8 21. g4 Nd5 22. f4 Bf6 23. Nf3 a5 24. g5 hxg5 25. fxg5 Bd8 26. g6 Bf6 27. h6 gxh6 28. Rxh6 fxg6 29. Ng5 Ne7 30. Rxe6 Rf8 31. Ne4 Bg7 32. Rxe7 Bxh6 33. Bxh6 Rf1+ 34. Kc2 Rd8 35. Ng5 Rf6 36. Rg7+ Kf8 37. Rf7+ 1-0

[Event "Albena op-B"]
[Site "Albena"]
[Date "2016.06.19"]
[Round "1"]
[White "Bashirinia, Omid"]
[Black "Stukov, Svyatoslav"]
[Result "1-0"]
[WhiteElo "1986"]
[BlackElo "1307"]
[PlyCount "55"]
[EventDate "2016.06.19"]
[EventType "swiss"]
[EventRounds "7"]
[EventCountry "BUL"]
[SourceTitle "EXT 2017"]
[Source "ChessBase"]
[SourceDate "2016.10.25"]
[SourceVersion "1"]
[SourceVersionDate "2016.10.25"]
[SourceQuality "1"]

1. d4 d5 2. c4 e5 3. dxe5 Bb4+ 4. Bd2 Bxd2+ 5. Nxd2 dxc4 6. Nxc4 Qxd1+ 7. Rxd1 Be6 8. e4 Nc6 9. f4 Nge7 10. Nf3 0-0 11. f5 Bxc4 12. Bxc4 Nc8 13. e6 Nd6 14. exf7+ Kh8 15. Bd5 Nb4 16. e5 Nxf5 17. Bb3 c5 18. a3 Nc6 19. Rd7 b5 20. Bd5 Rac8 21. e6 Nce7 22. Be4 a5 23. g4 Nd4 24. Nxd4 cxd4 25. Rxe7 Rc1+ 26. Kd2 Rcc8 27. Rc1 Rcd8 28. Rb7 1-0

[Event "Albena op-B"]
[Site "Albena"]
[Date "2015.06.24"]
[Round "8"]
[White "Todorov, Ognjan"]
[Black "Bashirinia, Omid"]
[Result "1/2-1/2"]
[WhiteElo "2220"]
[BlackElo "1983"]
[PlyCount "69"]
[EventDate "2015.06.17"]
[EventType "swiss"]
[EventRounds "9"]
[EventCountry "BUL"]
[SourceTitle "CBM 167 Extra"]
[Source "ChessBase"]
[SourceDate "2015.09.14"]
[SourceVersion "1"]
[SourceVersionDate "2015.09.14"]
[SourceQuality "1"]

1. Nf3 d5 2. c4 c6 3. d4 Nf6 4. Nc3 e6 5. g3 Nbd7 6. Bg2 dxc4 7. a4 Be7 8. 0-0 0-0 9. Qc2 Qa5 10. Bf4 Nd5 11. Bd2 Nb4 12. Qb1 e5 13. Na2 exd4 14. Nxd4 c5 15. Nf5 Bf6 16. Nc3 Qb6 17. Ne4 Qe6 18. Nxf6+ Nxf6 19. Ne3 Rb8 20. Rc1 b6 21. Rxc4 Ba6 22. Rh4 Bxe2 23. Bxb4 cxb4 24. Nd5 h6 25. Nf4 Qe5 26. Nxe2 Qxe2 27. Rxb4 Rbd8 28. Qe1 Rfe8 29. Qxe2 Rxe2 30. Bf3 Rc2 31. Rd1 Rxd1+ 32. Bxd1 Rd2 33. Bf3 Rd8 34. Rb5 Re8 35. a5 1/2-1/2

[Event "Albena op-B"]
[Site "Albena"]
[Date "2015.06.23"]
[Round "7"]
[White "Bashirinia, Omid"]
[Black "Stoilov, Aleksandar"]
[Result "1-0"]
[WhiteElo "1983"]
[BlackElo "1789"]
[PlyCount "49"]
[EventDate "2015.06.17"]
[EventType "swiss"]
[EventRounds "9"]
[EventCountry "BUL"]
[SourceTitle "CBM 167 Extra"]
[Source "ChessBase"]
[SourceDate "2015.09.14"]
[SourceVersion "1"]
[SourceVersionDate "2015.09.14"]
[SourceQuality "1"]

1. d4 Nf6 2. Bg5 Ne4 3. Bf4 d5 4. e3 c5 5. Bd3 Qb6 6. Bxe4 dxe4 7. Nc3 Qxb2 8. Nge2 cxd4 9. exd4 b6 10. Rb1 Qa3 11. Nb5 Qa5+ 12. Bd2 Qa4 13. Nc7+ Kd8 14. Nxa8 Qc6 15. Nxb6 axb6 16. d5 Qc7 17. Bf4 Qb7 18. Bxb8 Qxb8 19. Qd4 Ke8 20. Rxb6 Qa8 21. 0-0 e6 22. dxe6 Bxe6 23. Rfb1 Bc8 24. Rb8 Qa6 25. R1b6 1-0

[Event "Albena op-B"]
[Site "Albena"]
[Date "2015.06.19"]
[Round "3"]
[White "Bashirinia, Omid"]
[Black "Mackowiak, Marek"]
[Result "1/2-1/2"]
[WhiteElo "1983"]
[BlackElo "2163"]
[PlyCount "39"]
[EventDate "2015.06.17"]
[EventType "swiss"]
[EventRounds "9"]
[EventCountry "BUL"]
[SourceTitle "CBM 167 Extra"]
[Source "ChessBase"]
[SourceDate "2015.09.14"]
[SourceVersion "1"]
[SourceVersionDate "2015.09.14"]
[SourceQuality "1"]

1. d4 d5 2. c4 c6 3. cxd5 cxd5 4. Nc3 Nf6 5. Bf4 e6 6. e3 Be7 7. Rc1 0-0 8. Bd3 Bd7 9. Nf3 Nc6 10. Ne5 Nxe5 11. Bxe5 Bc6 12. 0-0 Nd7 13. Bg3 g6 14. a3 a6 15. Qe2 Rc8 16. f3 Bh4 17. Bxh4 Qxh4 18. f4 Nf6 19. Rc2 Qg4 20. h3 1/2-1/2

[Event "Bangkok op 14th"]
[Site "Bangkok"]
[Date "2014.04.12"]
[Round "1"]
[White "Bashirinia, Omid"]
[Black "Nolte, Rolando"]
[Result "1/2-1/2"]
[WhiteElo "2007"]
[BlackElo "2417"]
[PlyCount "96"]
[EventDate "2014.04.12"]
[EventType "swiss"]
[EventRounds "9"]
[EventCountry "THA"]
[SourceTitle "CBM 159 Extra"]
[Source "ChessBase"]
[SourceDate "2014.04.24"]
[SourceVersion "1"]
[SourceVersionDate "2014.04.24"]
[SourceQuality "1"]

1. d4 Nf6 2. Nf3 e6 3. e3 b6 4. Bd3 Bb7 5. b3 Be7 6. Bb2 c5 7. 0-0 0-0 8. Nbd2 d6 9. c4 Nbd7 10. Qe2 Re8 11. Rad1 Qc7 12. Bb1 Bf8 13. Ng5 h6 14. Nge4 Nxe4 15. Nxe4 a6 16. dxc5 bxc5 17. Qd3 Bxe4 18. Qxe4 f5 19. Qf3 Nf6 20. Bxf6 gxf6 21. e4 Qb7 22. Qg3+ Qg7 23. exf5 Qxg3 24. fxg3 Kg7 25. Rfe1 exf5 26. Bxf5 Re5 27. g4 Rae8 28. Kf2 a5 29. Rxe5 Rxe5 30. Re1 Kf7 31. Rxe5 fxe5 32. Kf3 Be7 33. Ke4 Bg5 34. g3 Bd2 35. Kd5 Ke7 36. h4 Be1 37. g5 hxg5 38. h5 Bxg3 39. h6 Kf6 40. h7 Kg7 41. Be4 Be1 42. Kxd6 Bb4 43. Kxe5 Kh8 44. Kd5 g4 45. Kc6 g3 46. Kb5 g2 47. Bxg2 Kxh7 48. a4 Bd2 1/2-1/2

[Event "Hamadan Iran op 11th"]
[Site "Hamadan"]
[Date "2012.07.14"]
[Round "6"]
[White "Hosseinipour, Mehdi"]
[Black "Bashirinia, Omid"]
[Result "1/2-1/2"]
[WhiteElo "2257"]
[BlackElo "2037"]
[PlyCount "110"]
[EventDate "2012.07.11"]
[EventType "swiss"]
[EventRounds "11"]
[EventCountry "IRI"]
[SourceTitle "CBM 149 Extra"]
[Source "ChessBase"]
[SourceDate "2012.08.24"]
[SourceVersion "1"]
[SourceVersionDate "2012.08.24"]
[SourceQuality "1"]

1. e4 c6 2. d4 d5 3. exd5 cxd5 4. Bd3 Nc6 5. c3 g6 6. Bf4 Bh6 7. Bxh6 Nxh6 8. Qd2 Bf5 9. Bb5 Ng4 10. Ne2 Qd6 11. Na3 Nf6 12. f3 a6 13. Bxc6+ bxc6 14. g4 Bd7 15. Qe3 Rb8 16. 0-0-0 h5 17. h3 Kf8 18. Qf4 Qxf4+ 19. Nxf4 hxg4 20. hxg4 Rxh1 21. Rxh1 Kg7 22. Nd3 Bc8 23. Re1 Kf8 24. Ne5 Rb6 25. Nc2 Nd7 26. Nxd7+ Bxd7 27. Nb4 f6 28. Nd3 Rb7 29. Nc5 Ra7 30. Kc2 Kf7 31. Kb3 Be8 32. Ka4 a5 33. Kb3 g5 34. a4 Bd7 35. Ka3 Bc8 36. b4 axb4+ 37. cxb4 Ba6 38. Re6 Bb5 39. Re1 Bc4 40. Kb2 Ra8 41. a5 Rh8 42. Rc1 Bb5 43. a6 Ra8 44. Ra1 Ra7 45. Kc3 Ke8 46. Re1 Kf7 47. Kd2 Ra8 48. Ke3 Bxa6 49. Ra1 Bb7 50. Rxa8 Bxa8 51. f4 gxf4+ 52. Kxf4 Kg6 53. Ne6 Bb7 54. Nd8 Ba8 55. Ne6 Bb7 1/2-1/2

[Event "Hamadan Iran op 11th"]
[Site "Hamadan"]
[Date "2012.07.12"]
[Round "3"]
[White "Bashirinia, Omid"]
[Black "Mousavi, Seyed Khalil"]
[Result "0-1"]
[WhiteElo "2037"]
[BlackElo "2216"]
[PlyCount "68"]
[EventDate "2012.07.11"]
[EventType "swiss"]
[EventRounds "11"]
[EventCountry "IRI"]
[SourceTitle "CBM 149 Extra"]
[Source "ChessBase"]
[SourceDate "2012.08.24"]
[SourceVersion "1"]
[SourceVersionDate "2012.08.24"]
[SourceQuality "1"]

1. d4 d5 2. c4 e6 3. Nc3 c5 4. cxd5 cxd4 5. Qa4+ Bd7 6. Qxd4 exd5 7. Qxd5 Nc6 8. Nf3 Nf6 9. Qd1 Bc5 10. e3 Qe7 11. Be2 0-0 12. 0-0 Rfd8 13. a3 Bg4 14. Qa4 Rac8 15. Rd1 Rxd1+ 16. Qxd1 Rd8 17. Qc2 Ne5 18. Nxe5 Qxe5 19. Bd2 Bd6 20. f4 Qe6 21. Re1 Bc5 22. Bxg4 Qxg4 23. Kh1 Qh4 24. g3 Qh5 25. Bc1 Ng4 26. Ne4 Bb6 27. h4 Qd5 28. Kg1 Re8 29. Nf2 Qf3 30. Nxg4 Qxg3+ 31. Kf1 Qxg4 32. Re2 Rc8 33. Qd1 Qf3+ 34. Ke1 Qh1+ 0-1

[Event "Dubai op 08th"]
[Site "Dubai"]
[Date "2006.04.25"]
[Round "3"]
[White "Bashirinia, Omid"]
[Black "Othman, A Moussa"]
[Result "0-1"]
[WhiteElo "2122"]
[BlackElo "2360"]
[PlyCount "36"]
[EventDate "2006.04.23"]
[EventType "swiss"]
[EventRounds "9"]
[EventCountry "UAE"]
[SourceTitle "EXT 2007"]
[Source "ChessBase"]
[SourceDate "2006.11.23"]
[SourceVersion "1"]
[SourceVersionDate "2006.11.23"]
[SourceQuality "1"]

1. e4 d6 2. d4 Nf6 3. Nc3 g6 4. g3 Bg7 5. Bg2 0-0 6. Nge2 e5 7. h3 Nc6 8. Bg5 exd4 9. Nxd4 Nxd4 10. Qxd4 h6 11. Bd2 Nxe4 12. Qxe4 Re8 13. 0-0-0 Rxe4 14. Bxe4 c6 15. Rhe1 Bxh3 16. Re2 d5 17. Bh1 Qf6 18. Rde1 Be6 0-1

[Event "IRI-chT"]
[Site "Iran"]
[Date "2005.06.09"]
[Round "4"]
[White "Sharbaf, Mohsen"]
[Black "Bashirinia, Omid"]
[Result "1-0"]
[WhiteElo "2346"]
[BlackElo "2132"]
[PlyCount "45"]
[EventDate "2005.05.26"]
[EventType "team-tourn"]
[EventRounds "11"]
[EventCountry "IRI"]
[SourceTitle "CBM 106 Extra"]
[Source "ChessBase"]
[SourceDate "2005.07.01"]
[SourceVersion "1"]
[SourceVersionDate "2005.07.01"]
[SourceQuality "1"]

1. e4 c5 2. Nc3 Nc6 3. f4 g6 4. Nf3 Bg7 5. Bc4 e6 6. f5 gxf5 7. d3 Nge7 8. 0-0 a6 9. Ng5 Ne5 10. Bf4 Nxc4 11. Qh5 Ng6 12. exf5 Qe7 13. dxc4 Nxf4 14. Rxf4 h6 15. Nge4 Bd4+ 16. Kh1 d6 17. Re1 Be5 18. Rf3 Bd7 19. fxe6 Bxe6 20. Nd5 Bxd5 21. Nf6+ Qxf6 22. Rxf6 Bxc4 23. Rxd6 1-0